000
00300nam a2200133Ia 4500
003
OSt
005
20240209104321.0
008
170524s9999 xx 000 0 und d
020
_a
8180545344
040
_c
iimtu meerut
100
_a
PRASAD- L.M
245
0
_a
ORGANIZATIONAL BEHAVIOUR
942
_2
ddc
_c
02
999
_c
4393
_d
4393